000 00473nam a2200169Ia 4500
003 OSt
005 20191218151631.0
008 190216s9999||||xx |||||||||||||| ||und||
040 _coclc
082 _a338.5
_bSKA/M
100 _a Skaria, P P
_9468
245 0 _aMicroeconomic Analysis /
_cP P Skaria
260 _bVrindavan Publications,
_c1990.
_aCalicut:
300 _a343p
650 _aEconomics
942 _cBK
_2ddc
_h338.5
_iSKA/M
_k338.5
_mSKA/M
999 _c10353
_d10353